Tratado ilustrado de meteorología

Bibliographic Details
Main Author: Longley, Richmond W
Format: Section = Libro
Language:Undetermined
Spanish
Published: Buenos Aires Bell 1970
Subjects:
LEADER 00423nam a2200169Ia 4500
008 240829s9999 xx 000 0 und d
040 |a BIBLIOTECA-RUSB/ 551.5 L856 
041 |a spa 
082 |a 551.5 L856 
100 1 |a Longley, Richmond W 
245 1 0 |a Tratado ilustrado de meteorología 
260 |a Buenos Aires  |b Bell  |c 1970 
300 |a 332 p. :il. 
650 7 |a METEOROLOGIA 
942 |c BK  |2 ddc 
991 |a TEXTO 
999 |c 2558